| 000 | 00762 a2200145 4500 | ||
|---|---|---|---|
| 020 | _a9780545160575 | ||
| 041 | _aspa | ||
| 100 | _aMazer, Anne | ||
| 245 | _aVioleta cuasa sensacion / Anne Mazer ; ilustrado por Bill Brown ; translated by Nuria Molinero. | ||
| 260 | _aNew York : Scholastic, 2010, c2007. | ||
| 300 |
_a93 pages : illustrations ; _c20 cm |
||
| 500 | _a "Mabel empieza a pensar que la magia de Violeta pued serle muy t͠il. Puede usarla para hechizar los juguetes e incluso para algunos de sus proyectos favoritos. Pero cuando Violeta hace aparecer con su magia una piscina en el jardn̕ y se niega a hacerla desaparecer, Mabel se da cuenta de que su diversin̤ ha ido demasiado lejos"--Page 4 of cover. | ||
| 700 | _aBrown, Bill | ||
| 942 | _cBK | ||
| 999 |
_c8298 _d8298 |
||